000 00530nam a2200181Ia 4500
008 100920s9999 xx 000 0 und d
082 _b50769
_a--- थ 86
100 _aकाळे वैजयंती.
245 _aतडा.
260 _bराजेन्द पब्लिकेशन ,पुणे /ठाणे.
_c1986
300 _a158
_bसाधी
365 _b40
520 _aकादंबरी.
630 _aतडा.
650 _aकादंबरी.
730 _aतडा.
942 _cBOOK
999 _c696880
_d696877